000 00364pab a2200145 454500
008 180718b1989 xxu||||| |||| 00| 0 eng d
100 _aDas, T.K.
245 _aOrganisational control
_bAn evolutionary perspective
260 _c1989
300 _a459-75
362 _aSept.
650 _aOrganisation
773 _aJournal of Management Studies
909 _a14470
999 _c14470
_d14470